000 00588nam a2200181Ia 4500
005 20250508153451.0
008 008 250505s9999 xx 000 0 eng d
037 _aTextual
040 _aFEDL
_beng
_cFEDL
041 _aeng
_2eng
084 _a378, UNI
_qFEDL
245 0 _aCosts of attending college : A study of student expenditures and sources of income
245 0 _cU S Department of Health, Education and Welfare
260 _aWashington, USA
_bU.S. Government Printing Office
_c1957
300 _av,91p
942 _cTEXL
_h378, UNI
999 _c1343070
_d1343070